| 000 | 00797cam a22002412 4500 | ||
|---|---|---|---|
| 001 | 0000023360 | ||
| 005 | 20151021151144.0 | ||
| 008 | 121115s xx 000 0 eng d | ||
| 020 | _a027375243X | ||
| 040 |
_aKABU _cKABU |
||
| 100 | 1 |
_aKotler, Philip. _@0000097559 |
|
| 245 | 1 | 0 |
_aPrinciples of marketing / _cPhilip Kotler, Gary Armstrong. |
| 250 | _a14th ed. | ||
| 260 |
_aBoston : _bPearson, _c2012. |
||
| 300 | _a637 p. | ||
| 650 | 0 |
_aMarketing. _@0000151351 |
|
| 700 | 1 |
_aArmstrong, Gary. _@0000097560 |
|
| 852 | 1 | _9p2,220 KES | |
| 852 | 1 | _9p2,220 KES | |
| 852 | 1 | _9p2,220 KES | |
| 908 | _a121115 | ||
| 950 | _@1 | ||
| 999 |
_c1298 _d1298 |
||